Catalog

Record Details

Catalog Search



Available copies

  • 2 of 2 copies available at LARL/NWRL Consortium.
  • 1 of 1 copy available at Lake Agassiz Regional Library. (Show preferred library)

Current holds

0 current holds with 2 total copies.

Show Only Available Copies
Location Call Number / Copy Notes Barcode Shelving Location Status Due Date
Crookston Public Library DVD GRE (Text) 33500013074778 Main Available -
Thief River Falls Public Library DVD JOH (Text) 35500006374027 Main Available -

Record details

  • Physical Description: 1 videodisc (approximately 260 min.) : sound, ... Read More
  • Publisher: La Crosse, Wisc. : Platinum Disc Corp., 2003.

Content descriptions

General Note:
Cat. no. "09939."
Formatted Contents Note:
Hell town -- Angel and the badman -- The desert ... Read More
Creation/Production Credits Note:
John Wayne.
Participant or Performer Note:
John Wayne.
Date/Time and Place of an Event Note:
Originally released as motion pictures in 1937, ... Read More
Summary, etc.:
Four westerns starring John Wayne.
Target Audience Note:
Not Rated.
System Details Note:
DVD ; Dolby digital.
Subject: Western films.
Western films.
Genre: Western films.
Feature films.
Western films.
DVDs.
LDR 01980cgm a2200493Ia 4500
00179369
003LARL_NWRL_CONSORTIUM
00520190531204133.0
008051205s2003 wiu260 e vleng d
007vd cvaizq
040 . ‡aKG6 ‡beng ‡cKG6 ‡dOCLCQ ‡dAZFX8 ‡dOCLCF ‡dOCLCO ‡dOCLCQ ‡dPOISA ‡dCNCAR ‡dORK ‡dTXBXL ‡dTDS ‡dOCLCO ‡dOCL ‡dOCLCQ ‡dLKC ‡dZHI ‡dPOSTP ‡dDEERP ‡dTXJEK ‡dI8S ‡dCCPLG
019 . ‡a608111241 ‡a701233949 ‡a725863670 ‡a731264398 ‡a731456351 ‡a778941596 ‡a971937486
0241 . ‡a096009099398
0241 . ‡a09600916890
0241 . ‡a096009160890
02840. ‡a09939 ‡bPlatinum Disc Corp.
035 . ‡a(OCoLC)62458775 ‡z(OCoLC)608111241 ‡z(OCoLC)701233949 ‡z(OCoLC)725863670 ‡z(OCoLC)731264398 ‡z(OCoLC)731456351 ‡z(OCoLC)778941596 ‡z(OCoLC)971937486
092 . ‡aDVD JOHN
24504. ‡aThe great American western. ‡n#4, ‡pJohn Wayne.
2463 . ‡aJohn Wayne
2463 . ‡aHell town
2463 . ‡aAngel and the badman
2463 . ‡aDesert trail
2463 . ‡aMan from Utah
260 . ‡aLa Crosse, Wisc. : ‡bPlatinum Disc Corp., ‡c2003.
300 . ‡a1 videodisc (approximately 260 min.) : ‡bsound, black and white ; ‡c4 3/4 in.
336 . ‡atwo-dimensional moving image ‡btdi ‡2rdacontent
337 . ‡avideo ‡bv ‡2rdamedia
338 . ‡avideodisc ‡bvd ‡2rdacarrier
4900 . ‡aGreat American western ; ‡v4
500 . ‡aCat. no. "09939."
5050 . ‡aHell town -- Angel and the badman -- The desert trail -- The man from Utah.
508 . ‡aJohn Wayne.
518 . ‡aOriginally released as motion pictures in 1937, 1947, 1935 & 1934.
520 . ‡aFour westerns starring John Wayne.
5218 . ‡aNot Rated.
538 . ‡aDVD ; Dolby digital.
5111 . ‡aJohn Wayne.
650 0. ‡aWestern films. ‡0(LARL_NWRL_CONSORTIUM)178872
650 7. ‡aWestern films. ‡2fast ‡0(LARL_NWRL_CONSORTIUM)178872
655 7. ‡aWestern films. ‡2fast ‡0(LARL_NWRL_CONSORTIUM)175687
655 7. ‡aFeature films. ‡2gsafd ‡0(LARL_NWRL_CONSORTIUM)175625
655 7. ‡aWestern films. ‡2lcgft ‡0(LARL_NWRL_CONSORTIUM)175687
655 0. ‡aDVDs.
7001 . ‡aWayne, John, ‡d1907-1979. ‡0(LARL_NWRL_CONSORTIUM)2288
7102 . ‡aPlatinum Disc Corporation. ‡0(LARL_NWRL_CONSORTIUM)151939
901 . ‡a79369 ‡bOCoLC ‡c79369 ‡tbiblio

Additional Resources